Music Quiz

Random Music or Song Quiz
Score 0/50 Timer 14:00
0 Plays Today
Time Song % Correct
0:24-0:30Lady Marmalade
79.9%
2:14-2:20I'm Like a Bird
77.7%
1:26-1:33Survivor
75.9%
2:37-2:44The Star Spangled Banner
71.3%
5:21-5:28Get the Party Started
70.5%
0:16-0:23Because I Got High
70.4%
2:45-2:52Hero
69.7%
4:58-5:05How You Remind Me
66.9%
1:10-1:17Butterfly
66.8%
3:55-4:02Fallin'
65.8%
6:00-6:06Drops of Jupiter (Tell Me)
59.6%
4:19-4:25In the End
57.2%
2:06-2:13Superman (It's Not Easy)
56.9%
1:34-1:41Thank You
56.7%
5:44-5:51Whenever, Wherever
56.4%
1:42-1:49Get Ur Freak On
55.4%
6:07-6:14Follow Me
50.7%
5:52-5:59It's Been Awhile
49.3%
0:47-0:54Wherever You Will Go
48.8%
4:50-4:57Ride wit Me
48.1%
4:03-4:10Hanging by a Moment
45.6%
0:39-0:46Everywhere
44.1%
5:06-5:12Hey Baby
43.1%
0:08-0:15Jaded
39.8%
2:53-2:59Drive
35.9%
Time Song % Correct
1:58-2:05Let Me Blow Ya Mind
35%
0:55-1:02Hit 'Em Up Style (Oops!)
34.6%
1:50-1:57Only Time
32.5%
3:00-3:07Always on Time
32.1%
1:03-1:09What Would You Do?
31.2%
0:31-0:38Family Affair
29.3%
3:32-3:38Izzo (H.O.V.A.)
28.9%
6:23-6:29Peaches and Cream
28.5%
6:15-6:22U Got It Bad
27.7%
5:37-5:43Never Had a Dream Come True
25.2%
0:00-0:07Rock the Boat
24.8%
2:29-2:36There You'll Be
24%
3:24-3:31All for You
23.8%
5:13-5:20Gone
23.8%
5:29-5:36Blurry
21.3%
1:18-1:25My Sacrifice
20.7%
3:08-3:16You Rock My World
19.5%
3:17-3:23Where the Party At
19.1%
4:34-4:41Nobody Wants to Be Lonely
15.3%
3:39-3:46Stutter
14.4%
4:26-4:33I'm Real
13.6%
4:11-4:18My Baby
10.2%
3:47-3:54Fiesta
9.3%
2:21-2:28Differences
9%
4:42-4:49Lights, Camera, Action!
6.9%

You're not logged in!

Compare scores with friends on all Sporcle quizzes.
OR
Log In

Sporcle TV

Today on Sporcle TV


Watch our educational content, quiz creation guides, and fun videos on Sporcle TV.

Show Comments

Extras

Top Quizzes Today


Score Distribution

Paid Content

Your Account Isn't Verified!

In order to create a playlist on Sporcle, you need to verify the email address you used during registration. Go to your Sporcle Settings to finish the process.

Report this User

Report this user for behavior that violates our Community Guidelines.

Details: